Comprendiendo la transparencia informática la nueva transparencia en el sector público desde una perspectiva premoderna, moderna y posmoderna (Registro nro. 39816)
[ vista simple ]
| 000 -CABECERA | |
|---|---|
| Longitud fija campo de control | 01208naa a2200313 c 4500 |
| 001 - NÚMERO DE CONTROL | |
| Número de control | 39816 |
| 003 - IDENTIFICADOR DE NÚMERO DE CONTROL | |
| Identificador del número de control | ES-MaCES |
| 005 - FECHA Y HORA DE LA ÚLTIMA TRANSACCIÓN | |
| Fecha y hora de la última transacción | 20141221114157.0 |
| 008 - CAMPO FIJO DE DESCRIPCIÓN FIJA--INFORMACIÓN GENERAL | |
| Códigos de información de longitud fija | 100204n2009 sp t 000 | spa d |
| 035 ## - NÚMERO DE CONTROL DEL SISTEMA | |
| Número de control del sistema | CES20100001539v |
| 040 ## - FUENTE DE CATALOGACIÓN | |
| Centro catalogador de origen | ES-MaCES |
| Lengua de catalogación | spa |
| Centro transcriptor | ES-MaCES |
| 100 1# - ENCABEZAMIENTO PRINCIPAL--NOMBRE PERSONAL | |
| Nombre de persona | Meijer, Albert |
| 9 (RLIN) | 18324 |
| 245 10 - MENCIÓN DE TÍTULO | |
| Título | Comprendiendo la transparencia informática la nueva transparencia en el sector público desde una perspectiva premoderna, moderna y posmoderna |
| Mención de responsabilidad, etc. | Albert Meijer |
| 500 ## - NOTA GENERAL | |
| Nota general | Resumen |
| 650 #4 - ASIENTO SECUNDARIO DE MATERIA--TÉRMINO DE MATERIA | |
| Término de materia o nombre geográfico como elemento inicial | Países Bajos |
| 9 (RLIN) | 26957 |
| 650 #4 - ASIENTO SECUNDARIO DE MATERIA--TÉRMINO DE MATERIA | |
| Término de materia o nombre geográfico como elemento inicial | sector público |
| 9 (RLIN) | 27150 |
| 650 #4 - ASIENTO SECUNDARIO DE MATERIA--TÉRMINO DE MATERIA | |
| Término de materia o nombre geográfico como elemento inicial | análisis de sistemas |
| 9 (RLIN) | 28891 |
| 650 #4 - ASIENTO SECUNDARIO DE MATERIA--TÉRMINO DE MATERIA | |
| Término de materia o nombre geográfico como elemento inicial | divulgación de la información |
| 9 (RLIN) | 29540 |
| 650 #4 - ASIENTO SECUNDARIO DE MATERIA--TÉRMINO DE MATERIA | |
| Término de materia o nombre geográfico como elemento inicial | transparencia |
| 9 (RLIN) | 30086 |
| 650 #4 - ASIENTO SECUNDARIO DE MATERIA--TÉRMINO DE MATERIA | |
| Término de materia o nombre geográfico como elemento inicial | procesamiento de la información |
| 9 (RLIN) | 28917 |
| 650 #4 - ASIENTO SECUNDARIO DE MATERIA--TÉRMINO DE MATERIA | |
| Término de materia o nombre geográfico como elemento inicial | Internet |
| 9 (RLIN) | 30572 |
| 650 #4 - ASIENTO SECUNDARIO DE MATERIA--TÉRMINO DE MATERIA | |
| Término de materia o nombre geográfico como elemento inicial | tecnología de la información |
| 9 (RLIN) | 30104 |
| 650 #4 - ASIENTO SECUNDARIO DE MATERIA--TÉRMINO DE MATERIA | |
| Término de materia o nombre geográfico como elemento inicial | información |
| 9 (RLIN) | 28909 |
| 653 10 - TÉRMINO DE INDEXACIÓN--NO CONTROLADO | |
| Término no controlado | Administración-Instituciones públicas |
| 773 0# - ENTRADA DE DOCUMENTO FUENTE | |
| Título | Revista internacional de ciencias administrativas |
| Parte(s) relacionada(s) | vol. 75, no. 2 (jun. 2009){55/1074 R. 075817}; p. 43-58 |
| Número de control del registro relacionado | (ES-MaCES)26026 |
| Itemnumber del ítem fuente | 79536 |
| 902 ## - CES. TIPO DE DOCUMENTO | |
| Tipodoc (006$c Sirtex) | ART Artículo de revista |
| 942 ## - ELEMENTOS KOHA | |
| Fuente de clasificaión o esquema | Clasificación propia del CES |
| Koha [por defecto] tipo de item | Artículos (1982-2017) |
| Parte de clasificación | 6.3. |
No hay ítems disponibles.
